Normal view MARC view

Entry Nombre personal

Number of records used in: 1

001 - NÚMERO DE CONTROL

  • campo de control: 1097

003 - IDENTIFICADOR DE NÚMERO DE CONTROL

  • campo de control: DLC

005 - FECHA Y HORA DE LA ÚLTIMA TRANSACCIÓN

  • campo de control: 20260423140043.0

008 - ELEMENTOS DE DATO DE LONGITUD-FIJA

  • campo de control de longitud fija: 941203n| azannaabn |n aaa

010 ## - NÚMERO DE CONTROL DE LA BIBLIOTECA DEL CONGRESO

  • Número de control de LC: n 94116315

035 ## - NÚMERO DE CONTROL DEL SISTEMA

  • Número de control de sistema: (OCoLC)oca03732915

040 ## - FUENTE DE CATALOGACIÓN

  • Centro catalogador/agencia de origen: DLC
  • Lengua de catalogación: eng
  • Normas de descripción: rda
  • Centro/agencia transcriptor: DLC
  • Centro/agencia modificador: ICrlF

046 ## - FECHAS CON CODIFICACIÓN ESPECIAL

  • Fecha de nacimiento: 1957
  • Fuente del esquema de fecha: edtf

100 1# - ENCABEZAMIENTO-NOMBRE DE PERSONA

  • Nombre de persona: Buchholz, Quint

370 ## - LUGAR ASOCIADO

  • Lugar de nacimiento: Stolberg am Harz (Germany)
  • Lugar de residencia/sede: Munich (Germany)
  • Otro lugar asociado: Stuttgart (Germany)

372 ## - CAMPO DE ACTIVIDAD

  • Campo de actividad: Art history
  • Campo de actividad: Fine arts

374 ## - OCUPACIÓN

  • Ocupación: Painter
  • Ocupación: Illustrator

375 ## - GÉNERO/SEXO

  • Género: male

377 ## - IDIOMA ASOCIADO

  • Código del idioma: ger

670 ## - FUENTE DE DATOS ENCONTRADOS

  • Cita de la fuente: Sleep well, little bear, c1993:
  • Información encontrada: t.p. (Quint Buchholz)

670 ## - FUENTE DE DATOS ENCONTRADOS

  • Cita de la fuente: Wer das Mondlicht fangt, c2001:
  • Información encontrada: cover flap (b. 1957)

670 ## - FUENTE DE DATOS ENCONTRADOS

  • Cita de la fuente: Museum Syndicate website, Mar. 17, 2016
  • Información encontrada: (Quint Buchholz was born in Stolberg, near Aachen, in 1957 and grew up in Stuttgart. Today he is living in Munich. He began studying art history in Munich before studying painting and graphic arts at the Academy of Fine Arts in Munich. Since 1979 he has worked as an illustrator and painter for various publishing houses in Germany and abroad. He has illustrated more than 30 books, many of which have received awards. Buchholz established his reputation with illustrations for numerous books, including works by Jostein Gaarder, Elke Heidenreich and Amos Oz, and through the design of many book covers and posters. Since 1982 his works have been shown in more than 70 exhibitions.)